Statistics for Animals Mentioned Most in the Bible

Click here to take the quiz!

General Stats

  • This quiz has been taken 73 times
  • The average score is 6 of 9

Answer Stats

# MentionedAnswer% Correct
577Sheep
91%
166Horse
76%
42Dog
73%
145Lion
70%
154Donkey
68%
172Goat
62%
71Camel
56%
269Bull
39%
30Eagle
39%

Score Distribution

Percentile by Number Answered

Percent of People with Each Score

Your Score History

You have not taken this quiz